00186nam a22000977a 4500003000400000082001400004100001700018245001300035260003200048300000800080SGT a823bSTO  aSTOKER BRAM  aDRACULA  aSPAIN bMDS BOOK PUB c2003 a382